000 00635nam a22001577a 4500
008 160414b xxu||||| |||| 00| 0 eng d
082 _22007
_aUT 0145
_bEm72
100 _95586
_aImperial, Lilibeth E.
245 _aLevel of family spending and the socio-economic status of the residents of Brgy. Saliducon Sta. Cruz Davao del Sur/
_cLilibeth E. Emperial, Jethrone Adlawan and Rowena Aque.
260 _aDigos City:
_bUMDC
_cMarch 2007.
300 _a28 pages;
_c28 cm.
650 0 _95587
_aLiberal Arts
_vEnglish Language
_xUndergraduate thesis.
700 _95588
_aAdlawan, Jethrone.
700 _95589
_aAque, Rowena A.
942 _2ddc
_cUT
999 _c1761
_d1761